Sacerdoci i cultes del nord de l'Egipte Mitja durant la baixa epoca, segles VII-IV aC : del nomus 14 al 22 de l'Alt Egipte /

محفوظ في:

المؤلف الرئيسي: Rodriguez i Corcoll, Nuria (مؤلف)

التنسيق: كتاب

اللغة: Catalan
French

منشور في: [Barcelona, Spain] : Universitat de Barcelona, [2008].

سلاسل: Nova Studia Aegyptiaca ; 7.

الموضوعات:

الوسوم: إضافة وسم

لا توجد وسوم, كن أول من يضع وسما على هذه التسجيلة!

رقم الطلب: BL2450 .P69 R63 2008

LEADER 01025namaa2200289 4500
003 OSt
005 20251013072234.0
008 130303s2008 sp ab b 001 0 cat d
020 |a 9788447534029 
040 |c ARCE Library 
041 0 |a cat  |a fre 
043 |a f-ua--- 
050 4 |a BL2450 .P69 R63 2008 
100 1 |a Rodriguez i Corcoll, Nuria,  |e author 
245 1 0 |a Sacerdoci i cultes del nord de l'Egipte Mitja durant la baixa epoca, segles VII-IV aC :  |b del nomus 14 al 22 de l'Alt Egipte /  |c Nuria Rodriguez i Corcoll. 
264 1 |a [Barcelona, Spain] :   |b Universitat de Barcelona,   |c [2008]. 
300 |a 575 pages :  |b illustrations, maps ;  |c 30 cm. 
490 1 |a Nova Studia Aegyptiaca ;   |v 7. 
504 |a Includes bibliographical references (pages 503-534) and indexes. 
546 |a Text in Catalan, with One text in French. 
650 0 |a Priests  |z Egypt. 
650 0 |a Cults  |z Egypt. 
651 0 |a Egypt  |x Religion. 
830 0 |a Nova Studia Aegyptiaca ;   |v 7. 
901 |a reviewed 
942 |c BK  |2 lcc 
999 |c 606  |d 606